El acoso moral en el trabajo la responsabilidad en el acoso moral en el trabajo /

Detalles Bibliográficos
Autor principal: Rodrg̕uez Lp̤ez, Pedro
Formato: Desconocido
Lenguaje:español
Publicado: Madrid : Dijusa, 2004
Materias:
Acceso en línea:Acceso restringido

MARC

LEADER 00000ny a22000003n 4500
005 20110620100218.0
008 040311s2004 sp 000 0 spa d
017 |a D.L.M2661-04 
020 |a 9788495748485 
035 |a 2551 
040 |a Mpons  |d vLex 
080 |a 349.229(460):331.44 
090 |c 853  |d 853 
100 1 |a Rodrg̕uez Lp̤ez, Pedro 
245 1 3 |a El acoso moral en el trabajo  |h [Recurso electrn̤ico]  |b la responsabilidad en el acoso moral en el trabajo /  |c Pedro Rodrg̕uez Lp̤ez 
256 |a Servicio en ln̕ea 
260 |a Madrid :  |b Dijusa,  |c 2004 
300 |a 208 p. ;   |c 24 cm 
506 1 |a Contenido solo disponible en los productos indicados  |d vLex Global  |d vLex Global (Academic Edition, excluding Law Schools)  |d vLex Global (U.S. Academic Edition, Law Schools)  |d vLex Global (U.S. Academic Edition, excluding Law Schools)  |d vLex Global (Academic Edition, Law Schools) 
650 0 7 |a Acoso en el lugar de trabajo  |2 Tesauro vLex 
650 0 7 |a Relacin̤ laboral  |2 Tesauro vLex 
650 0 7 |a Laboral  |2 Tesauro vLex 
650 0 7 |a Derechos en la relacin̤ de trabajo  |2 Tesauro vLex 
650 0 7 |a Relaciones laborales  |2 Tesauro vLex 
740 0 |a vLex Libros (Servicios en ln̕ea) 
856 4 0 |u http://vlex.com/source/2551  |z Acceso restringido 
942 |c BOOK 
999 0 |a Work  |b Madrid